Delhi, Agra, Fatehpur Sikri./ (Record no. 76392)
[ view plain ]
| 000 -LEADER | |
|---|---|
| fixed length control field | 01035cam a22003011 4500 |
| 001 - CONTROL NUMBER | |
| control field | 76392 |
| 003 - CONTROL NUMBER IDENTIFIER | |
| rucl marc code | BD-RjUL |
| 005 - DATE AND TIME OF LATEST TRANSACTION | |
| control field | 20211209082832.0 |
| 008 - FIXED-LENGTH DATA ELEMENTS--GENERAL INFORMATION | |
| fixed length control field | 191201s1965 xx a 001 0 eng |
| 035 ## - SYSTEM CONTROL NUMBER | |
| System control number | (BD-RjUL)76613 |
| 040 ## - CATALOGING SOURCE | |
| Original cataloging agency | DLC |
| Transcribing agency | FO |
| Modifying agency | DLC |
| Language of cataloging | eng |
| 041 ## - LANGUAGE CODE | |
| Language code of text/sound track or separate title | eng |
| 042 ## - AUTHENTICATION CODE | |
| Authentication code | premarc |
| 082 ## - DEWEY DECIMAL CLASSIFICATION NUMBER | |
| Classification number | 915.456 |
| Edition number | 23 |
| Author mark and year | HUD 1965 |
| 100 1# - MAIN ENTRY--PERSONAL NAME | |
| Personal name | Hürlimann, Martin, |
| Dates associated with a name | 1897-1984. |
| 9 (RLIN) | 235786 |
| 245 10 - TITLE STATEMENT | |
| Title | Delhi, Agra, Fatehpur Sikri./ |
| Statement of responsibility, etc. | [Trans. from the German by Jean Carroll and Isobel Hatton] Martin Hurlimann |
| 260 ## - PUBLICATION, DISTRIBUTION, ETC. (IMPRINT) | |
| Place of publication, distribution, etc. | London : |
| Name of publisher, distributor, etc. | Thames and Hudson , |
| Date of publication, distribution, etc. | [1965]1968 |
| 300 ## - PHYSICAL DESCRIPTION | |
| Pagination | 150 p.: |
| Illustrations | illus. (part col.) maps. plans.; |
| Size | 26 cm. |
| 490 0# - SERIES STATEMENT | |
| Series statement | A Studio book |
| 504 ## - BIBLIOGRAPHY, ETC. NOTE | |
| Bibliography, etc | Bibliography: p. 149. |
| 651 #0 - SUBJECT ADDED ENTRY--GEOGRAPHIC NAME | |
| Geographic name | Delhi (India) |
| General subdivision | Description and travel. |
| 9 (RLIN) | 235787 |
| Geographic name | Agra (India) |
| General subdivision | Description and travel. |
| 9 (RLIN) | 235788 |
| Geographic name | Fatehpur Sikri (India) |
| General subdivision | Description and travel. |
| 9 (RLIN) | 235789 |
| 906 ## - LOCAL DATA ELEMENT F, LDF (RLIN) | |
| a | 7 |
| b | cbc |
| c | oclcrpl |
| d | u |
| e | ncip |
| f | 19 |
| g | y-gencatlg |
| 942 ## - ADDED ENTRY ELEMENTS (KOHA) | |
| Source of classification or shelving scheme | Dewey Decimal Classification |
| Koha item type | Books |
| Lost status | Source of classification or shelving scheme | Damaged status | Not for loan | Collection code | Permanent Location | Current Location | Shelving location | Date acquired | Total Checkouts | Full call number | Date last seen | Copy number | Koha item type |
|---|---|---|---|---|---|---|---|---|---|---|---|---|---|
| Dewey Decimal Classification | Not For Loan | Non-fiction | Central Library, University of Rajshahi | Central Library, University of Rajshahi | Reading Room | 01/12/2019 | R 915.456 HUD 1968 | 01/12/2019 | C-1 | Books |